| 000 | 00748nam a2200253 a 4500 | ||
|---|---|---|---|
| 001 | ASIN1846245176 | ||
| 005 | 20170105102855.0 | ||
| 008 | 130827s2010 xxu eng d | ||
| 020 | _a1846245176 (hardcover) | ||
| 020 | _a9781846245176 (hardcover) | ||
| 040 | _a0 | ||
| 050 | 0 | 4 | _aPN4888.T4 |
| 082 | 0 | 4 | _a070.92 |
| 100 | 1 | _aHamilton, Bill. | |
| 245 | 1 | 0 |
_aMan on the spot : _ba broadcaster's story / _cBill Hamilton. |
| 250 | _aFirst ed. | ||
| 260 |
_a[S.l.] : _bBook Guild Ltd, _c2010. |
||
| 300 |
_a352 p. ; _c24 cm. |
||
| 650 | 0 | _aGreat Britain | |
| 650 | 0 | _aHamilton, Bill, 1944- | |
| 650 | 0 | _aTelevision journalists | |
| 856 | 4 | 0 |
_3Amazon.com _uhttp://www.amazon.com/exec/obidos/ASIN/1846245176/chopaconline-20 |
| 942 |
_2ddc _cBK |
||
| 999 |
_c14426 _d14426 |
||